|
|
|
|
| LEADER |
01136nam a2200301za 4500 |
| 001 |
001002778 |
| 003 |
CZ BrMZK |
| 005 |
20201020123837.0 |
| 007 |
ta |
| 008 |
091214s2005 enk||||brp |||||0 engod |
| 020 |
|
|
|a 0582791685
|q (brož.)
|
| 040 |
|
|
|a BOA001
|b cze
|
| 072 |
|
7 |
|a 811.111
|x Angličtina
|2 Konspekt
|9 11
|
| 072 |
|
7 |
|a 37.016
|x Učební osnovy. Vyučovací předměty. Učebnice
|2 Konspekt
|9 22
|
| 080 |
|
|
|a 811.111
|2 MRF
|
| 080 |
|
|
|a (075.2)
|2 MRF
|
| 100 |
1 |
|
|a Worrall, Anne
|7 xx0045750
|4 aut
|
| 245 |
1 |
0 |
|a English adventure :
|b pupil's book 1 /
|c Anne Worrall
|
| 246 |
3 |
3 |
|a English adventure. 1. Pupil's book
|
| 250 |
|
|
|a 1st publ.
|
| 260 |
|
|
|a Harlow :
|b Longman
|c 2005
|
| 300 |
|
|
|a 70 s., [8] listů :
|b il. +
|e 2 Class CD sign. CD-A 464 a 1 Songs & chants CD sign. CD-A 465
|
| 650 |
0 |
7 |
|a angličtina
|7 ph114056
|2 czenas
|
| 655 |
|
7 |
|a učebnice základních škol
|7 fd133773
|2 czenas
|
| 910 |
|
|
|a BOA001
|b AK-0003.761,1
|
| 990 |
|
|
|a BK
|
| 991 |
|
|
|b 200912
|y British Council Brno - Czech Republic
|z 000051369
|x 99
|
| 996 |
7 |
|
|b 261E008547
|c AK-0003.761,1
|l Anglická knihovna/2.patro
|r ZHR
|n 12
|h CC 27
|w 001002778
|u 000010
|a 0
|e BOA001
|j MZK50
|s A
|